Un debate sobre la ponderacin̤

Detalles Bibliográficos
Autor principal: Garca̕ Amado, Juan Antonio
Otros Autores: Atienza Rodrg̕uez, Manuel
Formato: eBook
Lenguaje:español
Publicado: Lima : Palestra Editores, 2012
Materias:
Acceso en línea:http://www.vlex.com/source/11058

MARC

LEADER 00000nam a22000007a 4500
005 20130426110144.0
007 cr|||| ||||
008 130426e2012 pe |||||s|||| 00||0 spa d
020 |a 978-612-4047-74-9 
035 |a 11058 
040 |a vLex 
090 |c 4190  |d 4190 
100 1 0 |a Garca̕ Amado, Juan Antonio  
245 1 3 |a Un debate sobre la ponderacin̤  |c / Juan Antonio Garca̕ Amado, Manuel Atienza Rodrg̕uez  |h [Recurso electrn̤ico] 
256 |a Servicio en ln̕ea 
260 |a Lima :  |b Palestra Editores,   |c 2012 
300 |a 1 Recurso electrn̤ico 
506 |d vLex Global  |d vLex Global (Academic Edition, excluding Law Schools)  |d vLex Global (U.S. Academic Edition, Law Schools)  |d vLex Global (U.S. Academic Edition, excluding Law Schools)  |d vLex Global (Academic Edition, Law Schools) 
650 0 4 |a Derecho  |x Metodologa̕ 
700 1 0 |a Atienza Rodrg̕uez, Manuel 
740 |a vLex Libros (Servicio en ln̕ea) 
856 |a Acceso restringido  |u http://www.vlex.com/source/11058 
942 |c BOOK 
999 0 |a Law